| 000 | 01273cam a2200349 a 4500 | ||
|---|---|---|---|
| 999 |
_c1333 _d1333 |
||
| 001 | 16084381 | ||
| 003 | OSt | ||
| 005 | 20221228134529.0 | ||
| 008 | 100204s2011 mnua j 000 0 eng | ||
| 010 | _a 2010004322 | ||
| 020 | _a9781616131883 (hc) | ||
| 020 | _a9781616131883 | ||
| 035 | _a(OCoLC)ocn505018144 | ||
| 037 |
_a1315119 _bQBI |
||
| 040 |
_aDLC _cDLC _dQBX _dXY4 _dDLC _dKH8 |
||
| 042 |
_alcac _apcc |
||
| 082 | 0 | 0 |
_a635 GAA _222 |
| 100 | 1 |
_aGaarder-Juntti, Oona, _d1979- _eAuthor |
|
| 245 | 1 | 0 |
_aWhat in the world is a green garden? / _cOona Gaarder-Juntti. |
| 260 |
_aEdina, Minn. : _bABDO Pub. Co., _cc2011. |
||
| 300 |
_a24 p. : _bcol. ill. ; _c20 x 25 cm. |
||
| 490 | 0 | _aGoing green | |
| 500 | _a"Super Sandcastle." | ||
| 505 | 0 | _aWhat in the world is being green? -- Green gardening -- In a green world -- How you can help -- Let's think green -- Take the green pledge. | |
| 520 | _aLearn about earth-friendly gardens that are good for the planet. | ||
| 521 | 2 | _aGrades K-4. | |
| 650 | 0 |
_aSustainable agriculture _vJuvenile literature. |
|
| 650 | 1 | _aSustainable agriculture. | |
| 906 |
_a7 _bcbc _corignew _d1 _eecip _f20 _gy-gencatlg |
||
| 942 |
_2ddc _cNFIC |
||